قرية الغوير : (رقم التسجيلة. 24657)
[ عرض عادي ]
| 000 -LEADER | |
|---|---|
| fixed length control field | 00697nam a22001937a 4500 |
| 005 - DATE AND TIME OF LATEST TRANSACTION | |
| control field | 20251108165314.0 |
| 008 - FIXED-LENGTH DATA ELEMENTS--GENERAL INFORMATION | |
| fixed length control field | 250721s1995 xx 000 0 ara d |
| 082 14 - DEWEY DECIMAL CLASSIFICATION NUMBER | |
| Classification number | 956.541/روا |
| 100 1# - MAIN ENTRY--PERSONAL NAME | |
| Personal name | الرواشدة، هاشم علي |
| 245 10 - TITLE STATEMENT | |
| Title | قرية الغوير : |
| Remainder of title | دراسة جغرافيه إجتماعيه إقتصاديه / |
| 264 1# - PRODUCTION, PUBLICATION, DISTRIBUTION, MANUFACTURE, AND COPYRIGHT NOTICE | |
| Place of production, publication, distribution, manufacture | الكرك : |
| Name of producer, publisher, distributor, manufacturer | جامعة مؤته - عمادة البحث العلمي و الدراسات العليا، |
| Date of production, publication, distribution, manufacture, or copyright notice | 1995. |
| 300 ## - PHYSICAL DESCRIPTION | |
| Extent | 272ص. |
| 650 17 - SUBJECT ADDED ENTRY--TOPICAL TERM | |
| Topical term or geographic name as entry element | تاريخ الأردن |
| 650 17 - SUBJECT ADDED ENTRY--TOPICAL TERM | |
| Topical term or geographic name as entry element | الكرك |
| 700 1# - ADDED ENTRY--PERSONAL NAME | |
| Personal name | الضلاعين، خازر ياسين |
| 700 1# - ADDED ENTRY--PERSONAL NAME | |
| Personal name | الرواضيه، صالح محمد |
| 942 ## - ADDED ENTRY ELEMENTS (KOHA) | |
| Source of classification or shelving scheme | Dewey Decimal Classification |
| Koha item type | كتب |
| حالة السحب | حالة الفقدان | مصدر التصنيف | حالة التلف | غير قابل للإعارة | المكتبة الرئيسية | المكتبة الحالية | موقع الرف | تاريخ التزويد | الرقم المتسلسل | Total Checkouts | رقم الإستدعاء | الباركود | تاريخ آخر ظهور | تاريخ الفاتورة | نوع المادة (كوها) |
|---|---|---|---|---|---|---|---|---|---|---|---|---|---|---|---|
| Dewey Decimal Classification | المكتبة المركزية | المكتبة المركزية | الإعارة | 06/07/2004 | 202798 | 956.541/روا | 202798 | 28/07/2025 | 06/07/2004 | كتب | |||||
| Dewey Decimal Classification | Not For Loan | مكتبة تاريخ الأردن | مكتبة تاريخ الأردن | لا يعار | 28/10/2009 | 1328701 | 956.541/روا | PLD00116094 | 28/07/2025 | 28/10/2009 | كتب | ||||
| Dewey Decimal Classification | Not For Loan | مكتبة تاريخ الأردن | مكتبة تاريخ الأردن | لا يعار | 13/02/2011 | 1419030 | 956.541/روا | PLD00191406 | 28/07/2025 | 13/02/2011 | كتب | ||||
| Dewey Decimal Classification | مكتبة وادي السير العامة | مكتبة وادي السير العامة | الإعارة | 23/03/2016 | [5546.] | 956.541/روا | PLD00382108 | 28/07/2025 | 23/03/2016 | كتب | |||||
| Dewey Decimal Classification | مكتبة وادي السير العامة | مكتبة وادي السير العامة | الإعارة | 23/03/2016 | [5278.] | 956.541/روا | PLD00382110 | 28/07/2025 | 23/03/2016 | كتب |